Statistiques concernant Harry Potter: les Sortilèges Impardonnables

Cliquez ici pour prendre le quiz!

Statistiques générales

  • Ce quiz a été pris 184 fois
    (166 depuis la dernière actualisation)
  • Le résultat moyen est 20 sur 35

Statistiques - réponses

InformationRéponses% Correct
Sort (Formule)Avada Kedavra
97%
EffetMort imminente et sans douleur
95%
Sort (nom)Sortilège de la Mort
95%
Dernière apparitionHarry Potter et les Reliques de la Mort
91%
Personne l'ayant subitHarry Potter
90%
Personne l'ayant subitHarry Potter
90%
Sort (nom)Sortilège du Doloris
90%
Nombre3
86%
Personne l'ayant subitJames Potter
86%
Personne l'ayant subitLily Potter
86%
Première apparitionHarry Potter et la Coupe de Feu
84%
Sort(Formule)Endoloris
79%
Sort (nom)Sortilège de l'Imperium
79%
EffetProvoque une douleur intense
74%
Personne y ayant survécuHarry Potter
70%
Personne l'ayant subitSirius Black
70%
Sort(Formule)Impero
68%
Personne l'ayant subitFrank Bryce
62%
Personne l'ayant subitAlice Londubat
61%
Personne l'ayant subitFrank Londubat
60%
Personne l'ayant subitCédric Diggory
58%
Personne l'ayant subitAlbus Dumbledore
56%
Personne l'ayant subitHermione Granger
55%
EffetSoumet à un contrôle total du sorcier qui le lance
53%
Personne l'ayant subitBellatrix Lestrange
49%
Personne l'ayant subitLord Voldemort
42%
Personne l’ayant subitStan Rocade
33%
Personne l'ayant subitPius Thicknesse
23%
Types de sortsMalédictions
11%
Personne l'ayant subitViktor Krum
10%
Personne l'ayant subitBogrod
7%
Personne l'ayant subitAmycus Carrow
5%
Personne l'ayant subitAmycus Carrow
5%
Personne l'ayant subitSturgis Podmore
5%
Personne l'ayant subitBroderick Moroz
3%

Distribution des résultats

Percentile par nombre de réponses

% des personnes avec chaque résultat

Votre développement - résultats

Vous n’avez pas pris ce quiz depuis la dernière actualisation